Global Business Management (Record no. 2883)

MARC details
000 -LEADER
fixed length control field 00315nam a2200133Ia 4500
008 - FIXED-LENGTH DATA ELEMENTS--GENERAL INFORMATION
fixed length control field 191201s2008 xx 000 0 und d
082 ## - DEWEY DECIMAL CLASSIFICATION NUMBER
Classification number 658.16
Item number ADG
100 ## - MAIN ENTRY--PERSONAL NAME
Personal name ADHIKARY, Manab
245 #0 - TITLE STATEMENT
Title Global Business Management
260 ## - PUBLICATION, DISTRIBUTION, ETC. (IMPRINT)
Place of publication, distribution, etc N.Delhi
Name of publisher, distributor, etc Mac Millan
Date of publication, distribution, etc 2008
300 ## - PHYSICAL DESCRIPTION
Extent 450
650 ## - SUBJECT ADDED ENTRY--TOPICAL TERM
Topical term or geographic name as entry element MBA
942 ## - ADDED ENTRY ELEMENTS (KOHA)
Source of classification or shelving scheme Dewey Decimal Classification
Koha item type Text Books
Holdings
Withdrawn status Lost status Source of classification or shelving scheme Damaged status Not for loan Collection code Home library Current library Date acquired Source of acquisition Cost, normal purchase price Bill Number Total Checkouts Full call number Acc. no. / Barcode Date last seen Bill Date Koha item type Date last borrowed Public note
    Dewey Decimal Classification     MBA PIET C-LIBRARY PIET C-LIBRARY 10/08/2007 J B C, New Delhi 295.00 695   658 .16 ADG 5533 04/12/2019 27/07/2007 Text Books    
    Dewey Decimal Classification     MBA PIET C-LIBRARY PIET C-LIBRARY 18/08/2007 J B C, New Delhi 295.00 706   658 .16 ADG 6485 04/12/2019 28/07/2007 Text Books    
    Dewey Decimal Classification     MBA PIET C-LIBRARY PIET C-LIBRARY 18/08/2007 J B C, New Delhi 295.00 706   658 .16 ADG 6486 04/12/2019 28/07/2007 Text Books    
    Dewey Decimal Classification     MBA PIET C-LIBRARY PIET C-LIBRARY 27/07/2009 J B C, New Delhi 345.00 SI-611   658 .16 ADG 13016 04/12/2019 20/07/2009 Text Books    
    Dewey Decimal Classification     MBA PIET C-LIBRARY PIET C-LIBRARY 27/07/2009 J B C, New Delhi 345.00 SI-611 1 658 .16 ADG 13017 25/11/2023 20/07/2009 Text Books 22/01/2022 .
    Dewey Decimal Classification     MBA PIET C-LIBRARY PIET C-LIBRARY 27/07/2009 J B C, New Delhi 345.00 SI-611   658 .16 ADG 13018 04/12/2019 20/07/2009 Text Books    
    Dewey Decimal Classification     MBA PIET C-LIBRARY PIET C-LIBRARY 27/07/2009 J B C, New Delhi 345.00 SI-611   658 .16 ADG 13019 04/12/2019 20/07/2009 Text Books    

Design & Developed by: PIET Central Library
R70 Miles Stone Pattikalyana Samalkha Panipat 132102
mail ID :- [email protected], Phone No:- 0180-2569700 Ex.216